[Event "Ch Germany (juniors) (Internet) (under 25) (qual1)"]
[Site "masterchessopen.com  Internet"]
[Date "2009.05.10"]
[Round "3"]
[White "Hagenlueke Thomas (GER)"]
[Black "Rudolf Sebastian (GER)"]
[Result "0-1"]
[WhiteElo "1942"]
[BlackElo "2162"]

1.e4 c5 2.Nf3 Nc6 3.d4 cxd4 4.Nxd4 Qc7 5.Nc3 e6 6.Be3 a6 7.Be2 b5 8.a3 Bb7
9.O-O Nf6 10.f4 Bc5 11.Kh1 Nxd4 12.Bxd4 Nxe4 13.Bxc5 Qxc5 14.Nxe4 Bxe4 15.Bf3
d5 16.Bxe4 dxe4 17.Qe2 f5 18.Rad1 O-O 19.Rd7 Rad8 20.Rfd1 Rxd7 21.Rxd7 Rc8
22.Qd2 h6 23.h3 Qxc2 24.Qd4 Qc1+ 25.Kh2 Qxf4+ 26.g3 Rc2+ 27.Kh1 Qf3+ 28.Kg1
Qg2# 0-1

[Event "Ch Germany (juniors) (Internet) (under 25) (qual2)"]
[Site "masterchessopen.com  Internet"]
[Date "2009.05.13"]
[Round "5"]
[White "Osswald Luis Monty"]
[Black "Rudolf Sebastian (GER)"]
[Result "0-1"]
[WhiteElo "2143"]
[BlackElo "2162"]

1.e4 c5 2.Nf3 Nc6 3.d4 cxd4 4.Nxd4 Qc7 5.Nc3 e6 6.Be3 a6 7.Be2 b5 8.a3 Bb7
9.O-O Nf6 10.Ncxb5 axb5 11.Nxb5 Qd8 12.Nd6+ Bxd6 13.Qxd6 Nxe4 14.Qf4 d5 15.f3
Nf6 16.Bc5 e5 17.Qg5 Rg8 18.Bb5 Nd7 19.Qe3 d4 20.Qe4 Nxc5 21.Qxe5+ Ne6 22.f4
Kf8 23.f5 Nxe5 {#R} 0-1

[Event "Ch Austria (w)"]
[Site "masterchessopen.com  Jenbach (Austria)"]
[Date "2009.07.27"]
[Round "3"]
[White "Newrkla Katharina (AUT)"]
[Black "Rampler Evelyn (AUT)"]
[Result "1-0"]
[WhiteElo "2078"]
[BlackElo "1868"]

1.e4 c5 2.Nf3 e6 3.d4 cxd4 4.Nxd4 Nc6 5.Nc3 Qc7 6.Be2 a6 7.Be3 Nf6 8.O-O Be7
9.f4 Nxd4 10.Bxd4 Bc5 11.e5 Qb6 12.Bxc5 Qxc5+ 13.Kh1 Ng8 14.Ne4 Qc7 15.Nd6+
Kf8 16.Rf3 b5 17.Rc3 Qd8 18.Bf3 Rb8 19.Qd4 Ne7 20.Qa7 Rb6 21.Nxc8 Nc6 22.Qxb6
{#r} 1-0

[Event "It (open) (juniors) (under 17)"]
[Site "masterchessopen.com  Mureck (Austria)"]
[Date "2009.08.13"]
[Round "9"]
[White "Strafinger Elisabeth (AUT)"]
[Black "Thomas James (WLS)"]
[Result "0-1"]
[WhiteElo "1669"]
[BlackElo "1868"]

1.e4 c5 2.Nf3 e6 3.d4 cxd4 4.Nxd4 Nc6 5.Nc3 a6 6.Be2 Qc7 7.Be3 Nf6 8.O-O Bb4
9.Na4 O-O 10.a3 Be7 11.f3 b5 12.Nxc6 Qxc6 13.Nb6 Rb8 14.Nxc8 Rbxc8 15.Rc1 d5
16.exd5 Nxd5 17.Bd2 Qb6+ 18.Kh1 Rfd8 19.Qe1 Qd4 20.c3 Qf6 21.Qg3 Bd6 22.Qg4
Bf4 23.Bxf4 Nxf4 24.Rfe1 Rd2 25.Bf1 Rxb2 26.Re4 Ng6 27.Re3 Rb3 {#R} 0-1

[Event "It (cat.3)"]
[Site "masterchessopen.com  Nova Resende (Brazil)"]
[Date "2009.10.20"]
[Round "10"]
[White "Nery Junior Jose Antonio (BRA)"]
[Black "Barbosa Evandro Amorim (BRA)"]
[Result "0-1"]
[WhiteElo "1986"]
[BlackElo "2279"]

1.e4 c5 2.Nf3 Nc6 3.Nc3 e6 4.d4 cxd4 5.Nxd4 Qc7 6.Be3 a6 7.Be2 Nf6 8.f4 Bb4
9.Bf3 Na5 10.Qd3 Nc4 11.Bc1 O-O 12.O-O d5 13.exd5 Rd8 14.Kh1 exd5 15.f5 Ne5
16.Bf4 Bd6 17.Bxe5 Bxe5 18.h3 b5 19.Nce2 Bb7 20.c3 Re8 21.Qd2 Re7 22.Qg5 Rae8
23.Rad1 h6 24.Qh4 Bd6 25.g4 Rxe2 26.Nxe2 Rxe2 {#R} 0-1

[Event "It (open) \"]
[Site "masterchessopen.com  Athens (Greece)"]
[Date "2009.11.18"]
[Round "4"]
[White "Koukoufikis Ioannis (GRE)"]
[Black "Markantonaki Haritomeni (GRE)"]
[Result "0-1"]
[WhiteElo "1822"]
[BlackElo "2108"]

1.e4 c5 2.Nf3 e6 3.d4 cxd4 4.Nxd4 Nc6 5.Be3 Qc7 6.Nc3 a6 7.Be2 Nf6 8.O-O Bb4
9.f3 O-O 10.a3 Bc5 11.b4 Ba7 12.Qd2 Ne5 13.Nb3 Bb8 14.f4 Neg4 15.Bd4 d6 16.Na5
e5 17.fxe5 dxe5 18.Bf2 Nxf2 19.Kxf2 Ba7+ 20.Kg3 Rd8 21.Qe1 Bd4 22.Rd1 Bxc3
23.Rxd8+ Qxd8 24.Qxc3 Nxe4+ {#R} 0-1

[Event "It (open) \"]
[Site "masterchessopen.com  Belgrade (Serbia)"]
[Date "2009.11.26"]
[Round "3"]
[White "Nestorovic Lazar (SRB)"]
[Black "Urosevic Marija (SRB)"]
[Result "1-0"]
[WhiteElo "2240"]
[BlackElo "2094"]

1.e4 c5 2.Nf3 e6 3.d4 cxd4 4.Nxd4 Nc6 5.Nc3 Qc7 6.Be2 a6 7.Be3 Nf6 8.O-O Bb4
9.Nxc6 bxc6 10.f4 O-O 11.Bd3 e5 12.fxe5 Qxe5 13.Rf5 Qe6 14.Bd4 Ne8 15.Qf3 d6
16.Ne2 g6 17.Rg5 Qe7 18.Rg3 c5 19.Be3 Qf6 20.Nf4 Qxb2 21.Rf1 Bc3 22.h4 Bg7
23.h5 Ra7 24.Bc4 Kh8 25.hxg6 fxg6 26.Nxg6+ hxg6 27.Rh3+ Bxh3 28.Qxh3+ {#r} 1-0

[Event "NRW-liga 2009/10"]
[Site "masterchessopen.com  Germany"]
[Date "2010.01.10"]
[Round "5"]
[White "Prein Michael"]
[Black "Haude Ruediger (GER)"]
[Result "0-1"]
[WhiteElo "2138"]
[BlackElo "2084"]

1.e4 c5 2.Nc3 e6 3.Nf3 Nc6 4.d4 cxd4 5.Nxd4 a6 6.Be3 Qc7 7.Be2 Nf6 8.a3 Be7
9.f4 d6 10.g4 d5 11.e5 Nd7 12.O-O Nxd4 13.Bxd4 Bc5 14.h4 b5 15.Bf3 Bb7 16.Ne2
f6 17.exf6 gxf6 18.b4 Bd6 19.g5 O-O-O 20.Bg4 e5 21.Bb2 Rhg8 22.fxe5 Bxe5
23.Bxe5 fxe5 24.Be6 Qb6+ {#R} 0-1

[Event "Memorial Kirov (open)"]
[Site "masterchessopen.com  Blagoevgrad (Bulgaria)"]
[Date "2010.01.11"]
[Round "1"]
[White "Bednikova Stefi (BUL)"]
[Black "Bratanov Zsivko (BUL)"]
[Result "0-1"]
[WhiteElo "2072"]
[BlackElo "2467"]

1.e4 c5 2.Nf3 Nc6 3.d4 cxd4 4.Nxd4 Qc7 5.Nc3 e6 6.Be3 a6 7.Be2 Nf6 8.O-O Bb4
9.Ndb5 axb5 10.Nxb5 Qe5 11.Bb6 O-O 12.Bc7 Qxe4 13.Bd3 Qg4 14.Be2 Qg5 15.h4
Qxh4 16.Bg3 Qg5 17.Nc7 Ne4 18.Bh2 Ra5 19.Bd3 f5 20.c3 Bd6 21.Bxd6 Nxd6 22.b4
Ra3 23.f4 Qf6 {#R} 0-1

[Event "It (open)"]
[Site "masterchessopen.com  Senta (Serbia)"]
[Date "2010.01.27"]
[Round "4"]
[White "Savin Ilija (SRB)"]
[Black "Djurovic Radoje (SRB)"]
[Result "0-1"]
[WhiteElo "2062"]
[BlackElo "1960"]

1.e4 c5 2.Nf3 Nc6 3.d4 cxd4 4.Nxd4 e6 5.Be3 a6 6.Nc3 Qc7 7.Be2 Bb4 8.O-O Nf6
9.Na4 b5 10.Nb6 Rb8 11.Nxc8 Rxc8 12.c3 Bc5 13.Nxc6 Qxc6 14.e5 Bxe3 15.exf6 Bh6
16.Bf3 d5 17.Qd4 Qc4 18.Qe5 Bf4 {#R} 0-1

[Event "It (open)"]
[Site "masterchessopen.com  Botucatu  (Brazil)"]
[Date "2010.04.30"]
[Round "2"]
[White "Mariano Marceley Martins (BRA)"]
[Black "El Debs Felipe De Cresce (BRA)"]
[Result "0-1"]
[WhiteElo "2046"]
[BlackElo "2499"]

1.e4 c5 2.Nf3 e6 3.d4 cxd4 4.Nxd4 Nc6 5.Nc3 Qc7 6.Be3 a6 7.Be2 Nf6 8.O-O Bb4
9.Na4 Bd6 10.h3 Nxe4 11.Nxc6 dxc6 12.Nb6 Rb8 13.Qd4 Nf6 14.Nc4 Bh2+ 15.Kh1 b5
16.g3 Bxg3 17.fxg3 bxc4 18.Bf4 Qb6 19.Qd6 Rb7 20.Bf3 Nd5 21.Rfe1 Rd7 22.Rxe6+
fxe6 23.Qxe6+ Kd8 24.Bxd5 Rxd5 25.Qf7 Qb7 {#R} 0-1

[Event "It \"]
[Site "masterchessopen.com  Bad Homburg (Germany)"]
[Date "2010.06.02"]
[Round "1"]
[White "Cipca Adrian (GER)"]
[Black "Mews Bernhard (GER)"]
[Result "0-1"]
[WhiteElo "1888"]
[BlackElo "2087"]

1.e4 c5 2.Nf3 e6 3.d4 cxd4 4.Nxd4 Nc6 5.Nc3 Qc7 6.Be3 a6 7.Be2 Nf6 8.Qd2 Bb4
9.f3 O-O 10.g4 b5 11.a3 Be7 12.g5 Ne8 13.b4 Nxb4 14.Kf2 Nc6 15.h4 Bb7 16.h5
Rc8 17.Bd3 Nxd4 18.Bxd4 e5 19.g6 exd4 20.h6 fxg6 21.hxg7 Rf4 22.Ne2 Rh4
23.Rag1 Nxg7 24.Ng3 Qf4 25.Qe2 Rxh1 26.Rxh1 Qe3+ {#R} 0-1

[Event "Ch Germany (juniors) (Internet) (under 25) (qual3)"]
[Site "masterchessopen.com  Internet"]
[Date "2010.06.09"]
[Round "5"]
[White "Fuchs Judith (GER)"]
[Black "Beck Frederik (GER)"]
[Result "1-0"]
[WhiteElo "2237"]
[BlackElo "2306"]

1.e4 c5 2.Nf3 e6 3.d4 cxd4 4.Nxd4 Nc6 5.Nc3 Qc7 6.Be3 a6 7.Be2 Nf6 8.a3 Na5
9.O-O Be7 10.Kh1 d6 11.f4 O-O 12.f5 Nc4 13.Bxc4 Qxc4 14.Qd3 Qc7 15.Rad1 Bd7
16.Bg5 Rad8 17.Qg3 Kh8 18.Qh4 Rde8 19.Rf3 Ng8 20.f6 Bxf6 21.Bxf6 gxf6 22.Rh3
h6 23.Rg3 Qc5 24.Rdd3 Kh7 25.Nf3 Ne7 26.Qxf6 Ng6 27.Nh4 Nxh4 28.Qg7# 1-0

[Event "Ch Spain (juniors) (under 14)"]
[Site "masterchessopen.com  Linares (Spain)"]
[Date "2010.07.18"]
[Round "9"]
[White "Valero Gutierrez Alvaro (ESP)"]
[Black "Suarez Garcia Carlos (ESP)"]
[Result "0-1"]
[WhiteElo "1900"]
[BlackElo "2194"]

1.e4 c5 2.Nf3 e6 3.d4 cxd4 4.Nxd4 Nc6 5.Nc3 Qc7 6.Be3 a6 7.Be2 Nf6 8.O-O Bb4
9.Bd3 Ne5 10.f4 Nfg4 11.Bd2 Bc5 12.Ne2 Qb6 13.Bc3 Ne3 14.Qd2 Nxf1 15.Kxf1 Nxd3
16.cxd3 O-O 17.e5 Qd8 18.Nf3 d5 19.Qc2 Bd7 20.d4 Be7 21.Qb3 b5 22.Nd2 a5 23.a3
b4 24.axb4 axb4 25.Rxa8 Qxa8 {#R} 0-1

[Event "Ch Bosnia & Herzegovina (team) (1A liga)"]
[Site "masterchessopen.com  Tuzla (Bosnia & Herzegovina)"]
[Date "2010.07.21"]
[Round "5"]
[White "Pasic Enes (BIH)"]
[Black "Hodzic Nihad (BIH)"]
[Result "0-1"]
[WhiteElo "2260"]
[BlackElo "2263"]

1.e4 c5 2.Nf3 e6 3.d4 cxd4 4.Nxd4 Nc6 5.Nc3 Qc7 6.Be2 a6 7.Be3 Nf6 8.O-O Bb4
9.Nxc6 bxc6 10.Bd3 Be7 11.f4 d6 12.Qf3 O-O 13.Kh1 Nd7 14.Qh3 g6 15.f5 exf5
16.Bh6 Re8 17.exf5 Ne5 18.Qg3 Qd8 19.Rf4 Nxd3 20.cxd3 d5 21.Raf1 Bd6 22.fxg6
fxg6 23.Qf2 Bxf4 24.Qxf4 Ra7 25.Qd4 Rf7 26.Rg1 Qf6 27.Qxf6 {#R} 0-1

[Event "Tournament (open)"]
[Site "masterchessopen.com  Medellin (Colombia)"]
[Date "2010.08.05"]
[Round "3"]
[White "Loaiza Yurani (COL)"]
[Black "Torres Jorge Emilio (COL)"]
[Result "0-1"]
[WhiteElo "1899"]
[BlackElo "2022"]

1.e4 c5 2.Nf3 e6 3.d4 cxd4 4.Nxd4 a6 5.Nc3 Qc7 6.Be3 Nc6 7.Be2 Nf6 8.Nxc6 dxc6
9.O-O e5 10.f3 Be6 11.Na4 Qa5 12.Nc3 Rd8 13.Qe1 Bc5 14.Bd3 O-O 15.Kh1 Nh5
16.Bd2 Qc7 17.Qh4 g6 18.Bh6 Be7 19.Qf2 Rfe8 20.Be3 c5 21.Na4 c4 22.Be2 Qc6
23.Nc5 Bxc5 24.Bxc5 Rd2 25.Rac1 Nf4 26.Rfe1 Rxe2 27.Rxe2 Nxe2 28.Qxe2 Qxc5
{#R} 0-1

[Event "Ch Brazil (universities)"]
[Site "masterchessopen.com  Blumenau (Brazil)"]
[Date "2010.11.13"]
[Round "5"]
[White "de Camargo Mateus"]
[Black "Medeiros Junior Jorge L Cabral"]
[Result "1-0"]
[WhiteElo "2072"]
[BlackElo "2258"]

1.e4 c5 2.Nf3 e6 3.d4 cxd4 4.Nxd4 Nc6 5.Nc3 Qc7 6.Be2 a6 7.Be3 Nf6 8.O-O Bb4
9.Nxc6 dxc6 10.Bf3 O-O 11.a3 Be7 12.Na4 c5 13.c4 Rb8 14.Qc2 b6 15.Rfe1 Bb7
16.e5 Bxf3 17.exf6 {#r} 1-0

[Event "It \"]
[Site "masterchessopen.com  Belgrade (Serbia)"]
[Date "2011.03.23"]
[Round "1"]
[White "Cosic Nebojsa (SRB)"]
[Black "Andrijevic Milan (SRB)"]
[Result "0-1"]
[WhiteElo "1891"]
[BlackElo "2333"]

1.e4 c5 2.Nf3 e6 3.d4 cxd4 4.Nxd4 Nc6 5.Nc3 Qc7 6.Be3 a6 7.Be2 Nf6 8.O-O Be7
9.Qd2 O-O 10.f4 d6 11.a3 Nxd4 12.Bxd4 e5 13.Be3 b5 14.f5 Bb7 15.Bf3 h6 16.Nd5
Bxd5 17.exd5 Nh7 18.c3 Rfe8 19.Be2 Bg5 20.Rad1 Bxe3+ 21.Qxe3 Nf6 22.g4 Qa7
23.Kf2 Ne4+ 24.Kf3 Ng5+ 25.Kf2 Nh3+ 26.Kf3 e4+ {#R} 0-1

[Event "Ch Brazil (juniors)"]
[Site "masterchessopen.com  Sao Paulo (Brazil)"]
[Date "2011.04.24"]
[Round "7"]
[White "Brito Erick De Paula (BRA)"]
[Black "Barbosa Evandro Amorim (BRA)"]
[Result "0-1"]
[WhiteElo "1853"]
[BlackElo "2383"]

1.e4 c5 2.Nf3 Nc6 3.d4 cxd4 4.Nxd4 e6 5.Nc3 Qc7 6.Be3 a6 7.Be2 Nf6 8.O-O Bb4
9.f3 O-O 10.Nxc6 bxc6 11.Bd3 d5 12.Ne2 dxe4 13.Bxe4 Nxe4 14.fxe4 Bd6 15.h3 c5
16.Nf4 Bb7 17.Qg4 Rae8 18.Nh5 f5 19.exf5 exf5 20.Qc4+ Kh8 21.Bd2 Re4 22.Qd3 c4
23.Qf3 Rh4 {#R} 0-1

[Event "It (open)"]
[Site "masterchessopen.com  Calvi (France)"]
[Date "2011.04.26"]
[Round "1"]
[White "Ferrandi Bernard (FRA)"]
[Black "Malakhatko Vadim (BEL)"]
[Result "0-1"]
[WhiteElo "1851"]
[BlackElo "2543"]

1.e4 c5 2.Nf3 e6 3.d4 cxd4 4.Nxd4 Nc6 5.Be2 Qc7 6.Be3 a6 7.Nc3 Nf6 8.f3 Bb4
9.Qd2 d5 10.Bd3 Nxd4 11.Bxd4 e5 12.Bxe5 Qxe5 13.f4 Qc7 14.exd5 O-O 15.O-O Re8
16.Rad1 Bc5+ 17.Kh1 Be3 18.Qe1 Bg4 19.d6 Qc6 20.d7 Bxd7 21.Qh4 h6 22.Rf3 Bg4
23.Rg3 Bf2 24.Nd5 Qxd5 {#R} 0-1

[Event "It (open) \"]
[Site "masterchessopen.com  Berlin (Germany)"]
[Date "2011.08.14"]
[Round "2"]
[White "Kornijenko Alexander (GER)"]
[Black "Pouydesseau Mathieu"]
[Result "0-1"]
[WhiteElo "1634"]
[BlackElo "1774"]

1.e4 c5 2.Nf3 e6 3.d4 cxd4 4.Nxd4 a6 5.Be2 Nc6 6.Be3 Qc7 7.Nc3 Nf6 8.Qd2 Bb4
9.f3 O-O 10.g4 e5 11.Nf5 d5 12.exd5 Rd8 13.d6 Qa5 14.Bc4 Bxf5 15.gxf5 Rxd6
16.Qe2 Nd4 {#R} 0-1

[Event "It (open)"]
[Site "masterchessopen.com  Bogota (Colombia)"]
[Date "2011.12.06"]
[Round "1"]
[White "Orozco Arango Jaidiber (COL)"]
[Black "Macieja Bartlomiej (POL)"]
[Result "0-1"]
[WhiteElo "1877"]
[BlackElo "2616"]

1.e4 c5 2.Nf3 Nc6 3.d4 cxd4 4.Nxd4 Qc7 5.Nc3 e6 6.Be2 a6 7.Be3 Nf6 8.Nxc6 bxc6
9.O-O Rb8 10.Qc1 Bd6 11.Kh1 Be5 12.f3 d5 13.f4 Bxc3 14.bxc3 Nxe4 15.Bd4 f6
16.Bd3 c5 17.Bxe4 cxd4 18.Bxd5 exd5 19.Qe1+ Kf7 20.Qh4 Bf5 21.cxd4 {#R} 0-1

[Event "Tournament (team) \"]
[Site "masterchessopen.com  Las Palmas (Spain)"]
[Date "2012.02.25"]
[Round "10"]
[White "Garcia Padron Jose (ESP)"]
[Black "Garcia Blanco Omar (ESP)"]
[Result "0-1"]
[WhiteElo "2411"]
[BlackElo "2204"]

1.e4 c5 2.Nf3 e6 3.d4 cxd4 4.Nxd4 Nc6 5.Nc3 Qc7 6.Be3 a6 7.Be2 b5 8.O-O Bb7
9.a3 Nf6 10.f4 d6 11.Bf3 Be7 12.f5 Nxd4 13.Qxd4 O-O 14.g4 Nd7 15.g5 d5 16.f6
Bc5 17.Qd2 Qf4 18.Rae1 Qxg5+ 19.Kh1 Bxe3 20.Rxe3 Nxf6 21.e5 Ng4 {#R} 0-1

[Event "It (cat.7)"]
[Site "masterchessopen.com  El Haouaria (Tunis)"]
[Date "2012.03.30"]
[Round "5"]
[White "Zaibi Amir (TUN)"]
[Black "Miladinovic Igor (SRB)"]
[Result "0-1"]
[WhiteElo "2174"]
[BlackElo "2555"]

1.e4 c5 2.Nf3 Nc6 3.d4 cxd4 4.Nxd4 Qc7 5.Nc3 e6 6.Be3 a6 7.Be2 Nf6 8.O-O Bb4
9.Na4 Be7 10.Nxc6 bxc6 11.Nb6 Rb8 12.Nxc8 Qxc8 13.Bd4 Qc7 14.e5 Nd5 15.b3 Nf4
16.Bxa6 c5 17.Bc3 Nxg2 18.Qg4 Nh4 19.Qxg7 Ng6 20.Qh6 Rg8 21.f3 Qc6 22.Bd3
Nxe5+ 23.Kf2 Qxf3+ 24.Ke1 Nxd3+ 25.cxd3 Qxd3 {#R} 0-1

[Event "Ch Attica (juniors) (under 08 -16)"]
[Site "masterchessopen.com  Peristeri (Greece)"]
[Date "2012.04.18"]
[Round "2"]
[White "Tsatsoulis Periklis"]
[Black "Kouskoutis Georgios"]
[Result "0-1"]
[WhiteElo "1381"]
[BlackElo "1665"]

1.e4 c5 2.Nf3 e6 3.d4 cxd4 4.Nxd4 Nc6 5.Be3 Qc7 6.Nc3 a6 7.Be2 Nf6 8.O-O Bb4
9.f3 O-O 10.Bd3 Bc5 11.Nce2 Qb6 12.c3 e5 13.b4 Nxb4 14.cxb4 Bxd4 15.Bxd4 exd4
16.Qb3 Re8 17.Qc4 d5 18.Qb3 dxe4 19.fxe4 Bd7 20.Kh1 Rad8 21.Bc4 Be6 22.Ng3 Qc6
23.Bxe6 Qxe6 24.Qxe6 Rxe6 25.Rfe1 d3 26.Rad1 h5 27.h3 h4 28.Nf1 Nxe4 {#R} 0-1

[Event "It (open)"]
[Site "masterchessopen.com  Osasco (Brazil)"]
[Date "2012.04.20"]
[Round "1"]
[White "Correa Ariane Miranda (BRA)"]
[Black "El Debs Felipe De Cresce (BRA)"]
[Result "0-1"]
[WhiteElo "1795"]
[BlackElo "2507"]

1.e4 c5 2.Nf3 e6 3.d4 cxd4 4.Nxd4 Nc6 5.Nc3 Qc7 6.Be2 a6 7.Be3 Nf6 8.O-O Bb4
9.f3 O-O 10.a3 Bxc3 11.bxc3 d5 12.Bd3 e5 13.Nf5 Bxf5 14.exf5 Na5 15.Qe1 Nc4
16.Bg5 Nd7 17.f6 Nxf6 18.Bxf6 Qb6+ 19.Kh1 Qxf6 20.Qe2 Rac8 21.Rab1 b5 22.a4
bxa4 23.Rb4 Nb6 24.Rfb1 a3 25.Rxb6 a2 {#R} 0-1

[Event "Memorial Sarkisov (open)"]
[Site "masterchessopen.com  Belorechensk (Russia)"]
[Date "2012.05.28"]
[Round "6"]
[White "Kruglyak Nikita (RUS)"]
[Black "Puchko Nikolay (RUS)"]
[Result "1-0"]
[WhiteElo "2037"]
[BlackElo "1707"]

1.e4 c5 2.Nf3 Nc6 3.d4 cxd4 4.Nxd4 Qc7 5.Nc3 e6 6.Be3 a6 7.Be2 b5 8.Nxc6 Qxc6
9.Bf3 Bb7 10.O-O Rc8 11.Rc1 b4 12.Ne2 Qa4 13.b3 Qxa2 14.Nd4 Qa5 15.Re1 Nf6
16.Ra1 Qe5 17.g3 Bc5 18.Ra5 Qc7 19.Rxc5 Qxc5 20.Nxe6 Qxc2 21.Nxg7+ Ke7 22.Nf5+
{#r} 1-0

[Event "It (open) (b)"]
[Site "masterchessopen.com  Nikea (Greece)"]
[Date "2012.08.29"]
[Round "5"]
[White "Kouskoutis Georgios-Alexandros (GRE)"]
[Black "Laspas Panagiotis (GRE)"]
[Result "1-0"]
[WhiteElo "1660"]
[BlackElo "1588"]

1.e4 c5 2.Nf3 Nc6 3.d4 cxd4 4.Nxd4 e6 5.Nc3 Qc7 6.Be3 a6 7.Be2 Nf6 8.O-O Bb4
9.Na4 Nxe4 10.Nxc6 Qxc6 11.Nb6 Rb8 12.Bf3 O-O 13.Nxc8 Rfxc8 14.Qd4 Bc5 15.Qxe4
Bxe3 16.Qxe3 Qxc2 17.Bxb7 Rd8 18.Bxa6 Qxb2 19.a4 d5 20.f4 Qf6 21.a5 e5 22.Be2
e4 23.a6 Qb6 24.Qxb6 Rxb6 25.Rfb1 Rxb1+ 26.Rxb1 {#r} 1-0